000 nam a22 7a 4500
999 _c10709
_d10709
008 180220b ||||| |||| 00| 0 eng d
100 _aSherma, N
_96571
245 _aLab Manual Science - VIII
260 _aNew Delhi
_bS, Dinesh Publication
_c2013